ระบบห้องสมุดอัตโนมัติ ULibM
วิทยาลัยพยาบาลบรมราชชนนี พระพุทธบาท
เปลี่ยนเป็นภาษาไทย

Change to English
 แสดงรายละเอียดบรรณานุกรม
  กลับหน้าหลัก

Brief Record : Get Marc (ISO 2709) : E-mail record : QR code ปิดหน้าต่าง
E-books : เกี่ยวกับ Collections
LEADER 00000nam 2200000uu 4500
001    13399128580
003     ULIBM
008    020711s2015 th a 000 0 eng d
020    9781451190939
060    WY106 A546c
100    Elizabeth T.Anderson
245    Community as partner theory and practice in nursing
250    7th ed
260    philadelphia :^bWolters Kluwer,^c2015
300    389 pages ;^c25.5 cm
700 0  Judith McFarlane
856    ^z023962-1.jpg (สารบัญวารสาร)^uhttp://library.bcnpb.ac.th/ulib6//_fulltext/serialcontent/13399128580/023962-1.jpg
856    ^z023962-2.jpg (สารบัญวารสาร)^uhttp://library.bcnpb.ac.th/ulib6//_fulltext/serialcontent/13399128580/023962-2.jpg
999    ^aนางสาวณิชาพร เกตุศีระ
รายการนี้ยังไม่มีแท็ก
คุณยังไม่ได้ล็อกอิน คุณสามารถมีกิจกรรมร่วมกับเว็บไซต์ได้ แต่ต้องล็อกอินก่อน ::
  ล็อกอิน
ลำดับที่ ประเภท เลขเรียก สถานที่ สถานะ
1. หนังสือ
หนังสือ
WY106 A546c 2015 c.1 
  
วิทยาลัยพยาบาลบรมราชชนนี พระพุทธบาท
►หนังสือทั่วไป
On Shelf
   [แสดง 1/1 รายการ]

Bib 13399128580